Zákon o vysokých školách

Gespeichert in:
Bibliographische Detailangaben
Format: Buch
Sprache:Tschechisch
Veröffentlicht: Praha Státní pedagogické nakladatelství 1980
Tags: Tag hinzufügen
Keine Tags, Fügen Sie das erste Tag hinzu!

MARC

LEADER 00000nam a2200000 4500
001 c119184
005 20041019155213.4
041 0 |a cze 
044 |a CZ 
245 1 0 |a Zákon o vysokých školách 
264 1 |a Praha  |b Státní pedagogické nakladatelství  |c 1980 
300 |a 63 s.